000 00570nam a22002177a 4500
003 Ost
005 20260303031154.0
008 260303b |||||||| |||| 00| 0 eng d
020 _a9781466594661
040 _cBT-PhCST
050 _a25666
082 _222
_a628.1
_bSHR
100 _aShrestha, Sangam.
245 _aClimate change and water resources /
260 _aLondon :
_bCRC Press,
_cc2014.
300 _axviii, 365 p. :
_bill. ;
_c24 cm.
500 _aIncludes Index.
700 _aBabel, Mukand S.
700 _aPandey, Vishnu Prasad.
942 _2ddc
_cWRE
999 _c10163
_d10163